| 000 | 01227cam a2200277 4500 | ||
|---|---|---|---|
| 001 | ABS65254 | ||
| 008 | 020405n2002 000 0 eng u | ||
| 035 | _a(Sirsi) u117374 | ||
| 100 | _aKhatri, M. | ||
| 245 | _aFocus on the German commercial property market | ||
| 260 | _c2002 | ||
| 490 |
_aRICS European Alert _vMarch 2002, 6(1) |
||
| 520 | _aThe German economy only grew 0.6% in 2001 compared to 3.0 in 2000, the worst performance since 1993. Real rental growth in the office and industrial markets slowed considerably, while the retail sector bucked the national downturn. Research from Jones Lang Lasalle shows that occupier demand for office space fell markedly by approximately 12% in 2001. Industrial rents were hit by the technology slowdown and the market saw orders shrink more than 7% from a peak in late 2000. | ||
| 590 | _aABS | ||
| 650 | _aPROPERTY-COMMERCIAL PROPERTY-COMMERCIAL PROPERTY MARKET | ||
| 650 | _aPROPERTY-COMMERCIAL PROPERTY-RETAIL PROPERTY-RETAIL PROPERTY MARKET | ||
| 650 | _aINDUSTRIAL MARKET | ||
| 650 | _aOFFICE SPACE | ||
| 650 | _aOCCUPIERS | ||
| 650 | _aGERMANY | ||
| 650 | _aECONOMY | ||
| 690 | _aEUROPE | ||
| 700 | _aHicks, F. | ||
| 700 | _aEmmett, R. | ||
| 942 | _n0 | ||
| 999 |
_c69927 _d69927 |
||